LEADER 00726nam0-22002531i-4500 001 990001262840403321 005 20170130143249.0 035 $a000126284 035 $aFED01000126284 035 $a(Aleph)000126284FED01 035 $a000126284 100 $a20001205d1988----km-y0itay50------ba 101 0 $aeng 200 1 $aArithmetic of p-adic modular forms$fby Gouvea 210 $aBerlin [etc.]$cSpringer-Verlag$d1988 225 1 $aLecture Notes in Mathematics$v1304 700 1$aGouvêa,$bFernando Q.$0382239 801 0$aIT$bUNINA$gRICA$2UNIMARC 901 $aBK 912 $a990001262840403321 952 $aC-20-(1304$b4305$fMA1 959 $aMA1 996 $aArithmetic of p-adic modular forms$9381139 997 $aUNINA LEADER 01576nas 2200457-a 450 001 996209458903316 005 20221107145956.0 011 $a2366-2891 035 $a(CKB)954925409775 035 $a(CONSER)--2011235844 035 $a(DE-599)ZDB2052819-X 035 $a(OCoLC)562432341 035 $a(MiAaPQ)29411 035 $a(EXLCZ)99954925409775 100 $a20100318a19369999 --- - 101 0 $ager 135 $aurbn||||||abp 135 $aurbn||||||ada 181 $ctxt$2rdacontent 182 $cc$2rdamedia 183 $acr$2rdacarrier 200 00$aJahrbücher für Geschichte Osteuropas 210 $aBreslau $cPriebatsch's Buchhandlung$d1936- 300 $aRefereed/Peer-reviewed 300 $aTitle from PDF title page (JSTOR, viewed Aug. 12, 2011). 300 $aHerausgeber: Hans Uebersberger, 1936-1941. 300 $aPublished: Breslau : Thiel & Hintermeier, 1941; München : Isar Verlag, 1953-1959; München : Augsburger Druck- und Verlagshaus, 1960; Wiesbaden : Otto Harrassowitz, 1961-1972; Wiesbaden : F. Steiner Verlag, 1973- 311 $a0021-4019 607 $aEurope$xHistory$vPeriodicals 607 $aEurope, Eastern$xHistory$vPeriodicals 607 $aEurope$2fast 607 $aEastern Europe$2fast 608 $aHistory.$2fast 608 $aPeriodicals.$2fast 676 $a940/.05 701 $aUebersberger$b Hans$f1877-$0967117 712 02$aOsteuropa-Institut München. 906 $aJOURNAL 912 $a996209458903316 996 $aJahrbücher für Geschichte Osteuropas$92195451 997 $aUNISA